Proteins, amino acids and peptides as ions and dipolar ions

Uloženo v:
Podrobná bibliografie
Hlavní autoři: Cohn, Edwin J (Autor), Edsall, John T (Autor)
Médium: Kniha
Jazyk:španělština
Vydáno: Nueva York Reinhold 1943
Edice:American Chemical Society Monograph
Témata:
Tagy: Přidat tag
Žádné tagy, Buďte první, kdo vytvoří štítek k tomuto záznamu!

MARC

LEADER 00000nam a2200000 a 4500
001 UCR4874
003 CL-VaPUC
008 980320e19430000US |||||||||||||||||spa|d
082 0 4 |a 547.75  |b COH  |2 21 
100 0 |a Cohn, Edwin J  |e author  |9 405406 
700 0 |a Edsall, John T  |e author  |9 405407 
245 1 0 |a Proteins, amino acids and peptides as ions and dipolar ions 
300 |a 704 p 
942 |c BK 
945 |d 19980320 00:00:00  |a crobeson 
260 |a Nueva York  |b Reinhold  |c 1943 
650 7 |a PROTEINAS  |2 CL-VaPUC  |9 405408 
650 0 |a Aminoácidos   |9 259616 
650 0 |a Péptidos  |9 306794 
650 7 |a IONES  |2 CL-VaPUC  |9 337399 
650 7 |a COMPUESTOS MACROMOLECULARES  |2 CL-VaPUC  |9 405409 
583 |a last modification  |c 19980320 00:00:00  |k Rodrigo Vera 
490 0 |a American Chemical Society Monograph 
999 |c 267669  |d 267667 
952 |0 0  |1 0  |4 0  |6 547_750000000000000_COH_1943  |7 0  |8 A  |9 300144  |a BIBALI  |b BIBALI  |c GEN  |d 2019-11-20  |i 1967118  |o 547.75 COH 1943  |p 1967118  |r 2025-01-20  |w 2019-11-20  |y BK  |k ALI